Chaîne de mots de 5 lettres #1 - Statistiques

Statistiques générales
  • Ce quiz a été pris 20 405 fois
    19 433 depuis la dernière actualisation
  • Le résultat moyen est 18 sur 30
Statistiques - réponses
Indice Mot % Correct
Le fils du frère Neveu
92%
Il coule à Lyon Rhône
89%
Plus long os du corps humain Fémur
81%
Sa couche protège les dents Émail
80%
BD nippone Manga
80%
Opposé à l'aval Amont
78%
Pas très urbain Rural
76%
Petit lac Étang
74%
Charognard au rire mauvais Hyène
74%
Corde pour capturer Lasso
74%
Bruit d'une chute dans l'eau Plouf
69%
Manufacture Usine
67%
Ils peuvent être frisés, raves ou fleurs Choux
65%
Gentleman-cambrioleur de Leblanc Lupin
63%
Alliage ferreux Acier
60%
Prénom de la Môme Édith
60%
C'est l'occident Ouest
60%
Bois noir et dur Ébène
59%
Arme pointue à longue hampe Lance
59%
Patrie de Libreville Gabon
52%
Pays de l'Annapurna Népal
49%
Mélange d'eau et de sucre Sirop
49%
Un des gaz nobles Xénon
48%
C'est un véritable fiasco ! Échec
44%
Chant des pays alpins Yodel
41%
Écrivez Notez
40%
Nénuphar sacré Lotus
39%
θ Thêta
37%
Monnaie à Varsovie Zloty
32%
L'animal du scout Totem
21%
Aucun quiz correspondant
Distribution des résultats
% des personnes avec chaque résultat
Percentile par nombre de réponses
Votre historique - résultats
Vous n’avez pas pris ce quiz depuis la dernière actualisation